logo

Bir Sreshtho Munshi Abdur Rouf Library
Jhenaidah Cadet College

Learn Library Classification / (Record no. 10325)

MARC details
000 -LEADER
fixed length control field 00664nam a2200241 a 4500
001 - CONTROL NUMBER
JCCL Control Number 10325
003 - CONTROL NUMBER IDENTIFIER
JCCL marc code BD-JhCC
005 - DATE AND TIME OF LATEST TRANSACTION
control field 20180424083639.0
008 - FIXED-LENGTH DATA ELEMENTS--GENERAL INFORMATION
fixed length control field 180424b2005 ii |||| |||| 000 0 eng d
020 ## - INTERNATIONAL STANDARD BOOK NUMBER
International Standard Book Number 8170004527
035 ## - SYSTEM CONTROL NUMBER
system control number (BD-JhCC)10325
040 ## - CATALOGING SOURCE
Original cataloging agency BD-JhCC
Modifying agency BD-JhCC
041 ## - LANGUAGE CODE
Language code of Book eng
082 ## - DEWEY DECIMAL CLASSIFICATION NUMBER
Classification number 025.431
Author mark and Year DHI 2005
100 ## - MAIN ENTRY--PERSONAL NAME
Personal name Dhiman, Anil K.
245 ## - TITLE STATEMENT
Title Learn Library Classification /
Statement of responsibility, etc Anil K. Dhiman and Yashoda Rani
260 ## - PUBLICATION, DISTRIBUTION, ETC. (IMPRINT)
Place of publication, distribution, etc New Delhi :
Name of publisher, distributor, etc Ess Ess Publictions,
Date of publication, distribution, etc 2005
300 ## - PHYSICAL DESCRIPTION
Pagination 259 p. :
Dimensions 21 cm
490 ## - SERIES STATEMENT
Series statement Learning Library Science Series
650 ## - SUBJECT ADDED ENTRY--TOPICAL TERM
Topical term or geographic name as entry element Library Classification
700 ## - ADDED ENTRY--PERSONAL NAME
Personal name Rani, Yashoda
942 ## - ADDED ENTRY ELEMENTS (KOHA)
Source of classification or shelving scheme Dewey Decimal Classification
Koha item type Reference
Holdings
Source of classification or shelving scheme Damaged status Not for loan Home library Current library Shelving location Date of accession Cost, normal purchase price Total Checkouts Full call number Barcode Date last seen Copy number Koha item type
Dewey Decimal Classification     JCC Rouf Library JCC Rouf Library General Stacks 04/24/2018 250.00   025.431 DHI 2005 13550 04/24/2018 C-1 Reference

JCC Library | Contacts | JCC Home

Last Update on 23 September 2017
Copyright @ 2017-2020 JCC Rouf Library
Rouf Library, Jhenidah Cadet College (JCC), Bangladesh